Oil, banks, and politics : (Record no. 42331)

MARC details
000 -LEADER
campo de control de longitud fija 00532nam a2200181 4500
001 - NÚMERO DE CONTROL
campo de control 26381
005 - FECHA Y HORA DE LA ÚLTIMA TRANSACCIÓN
campo de control 20230410115508.0
008 - DATOS DE LONGITUD FIJA--INFORMACIÓN GENERAL
campo de control de longitud fija 060907n1995 dr spa
020 ## - NÚMERO INTERNACIONAL ESTÁNDAR DEL LIBRO
Número Internacional Estándar del Libro 0292730926
035 ## - NÚMERO DE CONTROL DEL SISTEMA
-- funglode26580
041 ## - CÓDIGO DE IDIOMA
Código de lengua del texto/banda sonora o título independiente EN
050 14 - SIGNATURA TOPOGRÁFICA DE LA BIBLIOTECA DEL CONGRESO
Número de clasificación HD 9574 H177o 1995
100 ## - ENTRADA PRINCIPAL--NOMBRE DE PERSONA
Nombre de persona Hall, Linda B.
245 1# - MENCIÓN DEL TÍTULO
Título Oil, banks, and politics :
Resto del título the United States and postrevolutionary Mexico, 1917-1924 /
Mención de responsabilidad, etc. Linda B. Hall.
260 ## - PUBLICACIÓN, DISTRIBUCIÓN, ETC.
Lugar de publicación, distribución, etc. Austin :
Nombre del editor, distribuidor, etc. University of Texas Press,
Fecha de publicación, distribución, etc. 1995
300 ## - DESCRIPCIÓN FÍSICA
Extensión x, 224 p.
942 ## - ELEMENTOS DE ENTRADA SECUNDARIOS (KOHA)
Fuente del sistema de clasificación o colocación Clasificación de Library of Congress
Tipo de ítem Koha
Holdings
Estatus retirado Estado de pérdida Fuente del sistema de clasificación o colocación Estado de daño No para préstamo Colección Biblioteca de origen Biblioteca actual Ubicación en estantería Fecha de adquisición Serial enumeration / chronology Signatura topográfica completa Código de barras Visto por última vez Tipo de ítem Koha
    Clasificación de Library of Congress     Ciencias Sociales Biblioteca Juan Bosch Biblioteca Juan Bosch Ciencias Sociales (3er. Piso) 24/10/2018 1 HD 9574 H177o 1995 00000027479 24/10/2018